[Event "Benidorm 2013 - Torneo sub2000"]
[Site "Benidorm ESP"]
[Date "2013.12.06"]
[Round "9.7"]
[White "Paya Prats, Damian"]
[Black "Tirado Parra, Alberto"]
[Result "1-0"]
[WhiteElo "1994"]
[BlackElo "1900"]
[PlyCount "43"]
[EventDate "2013.11.29"]
[EventRounds "10"]
[EventCountry "ESP"]
[Source "lmi"]
[SourceDate "2013.11.29"]

1. d4 d5 2. c4 e6 3. Nc3 Nf6 4. Bg5 Be7 5. e3 O-O 6. Nf3 h6 7. Bxf6 Bxf6 8. Rc1
b6 9. cxd5 exd5 10. Bd3 Be6 11. Bb1 c5 12. h4 h5 13. Ng5 Bg4 14. f3 Bc8 15. O-O
Bxg5 16. hxg5 Qxg5 17. f4 Qh4 18. Qc2 g6 19. Nxd5 Nd7 20. f5 Nf6 21. fxg6 Ng4
22. gxf7+ 1-0

[Event "Benidorm 2013 - Torneo sub2000"]
[Site "Benidorm ESP"]
[Date "2013.12.06"]
[Round "9.8"]
[White "Castrillo Mansego, Pablo"]
[Black "Gambini, Stephane"]
[Result "1-0"]
[WhiteElo "1940"]
[BlackElo "1975"]
[PlyCount "131"]
[EventDate "2013.11.29"]
[EventRounds "10"]
[EventCountry "ESP"]
[Source "lmi"]
[SourceDate "2013.11.29"]

1. e4 c5 2. Nf3 a6 3. d4 cxd4 4. Nxd4 d6 5. c4 Nf6 6. Nc3 Qa5 7. f3 e6 8. Be2
Nc6 9. Be3 Nxd4 10. Qxd4 Be7 11. O-O O-O 12. Kh1 Bd7 13. a3 Rfc8 14. Bf2 e5 15.
Qd3 Be6 16. Nd5 Bxd5 17. cxd5 Qc7 18. Be3 Qc2 19. Rab1 Nd7 20. Rfc1 Qxd3 21.
Bxd3 Bd8 22. Kg1 Bb6 23. Kf2 Kf8 24. Ke2 Bxe3 25. Kxe3 Ke7 26. g3 Nc5 27. b4
Na4 28. Kd2 b5 29. Bc2 Nb6 30. Bb3 g6 31. f4 f5 32. Ke3 Rxc1 33. Rxc1 Rc8 34.
Rxc8 Nxc8 35. exf5 gxf5 36. h3 Kf6 37. g4 h6 38. gxf5 Kxf5 39. Bc2+ Kf6 40. Ke4
exf4 41. Kxf4 Nb6 42. Bb3 Nd7 43. a4 Ne5 44. Ke4 Nd7 45. axb5 axb5 46. Bd1 Nb6
47. Be2 Na4 48. Kd4 Nb6 49. Bxb5 Kf5 50. Be2 Kf4 51. Bg4 Kg3 52. Be6 Kf4 53.
Bg4 Kg3 54. b5 h5 55. Bxh5 Kxh3 56. Bf7 Kg4 57. Kc3 Na4+ 58. Kb4 Nc5 59. b6 Kf5
60. Kb5 Kf6 61. Be6 Ke7 62. Kc6 Kd8 63. Kxd6 Nd7 64. Kc6 Nxb6 65. Kxb6 Ke7 66.
Kc7 1-0

[Event "Benidorm 2013 - Torneo sub2000"]
[Site "Benidorm ESP"]
[Date "2013.12.06"]
[Round "9.20"]
[White "Patino Andreu, Ramon"]
[Black "Garcia Martinez, Marcos"]
[Result "1/2-1/2"]
[WhiteElo "1933"]
[BlackElo "1984"]
[PlyCount "48"]
[EventDate "2013.11.29"]
[EventRounds "10"]
[EventCountry "ESP"]
[Source "lmi"]
[SourceDate "2013.11.29"]

1. e4 e6 2. d4 d5 3. exd5 exd5 4. Qf3 Bd6 5. Bd3 Nc6 6. c3 Nge7 7. Ne2 Be6 8.
Bf4 Qd7 9. h3 O-O-O 10. Nd2 f6 11. Nb3 h5 12. O-O-O Kb8 13. Bxd6 Qxd6 14. Nc5
Bf7 15. Qf4 g6 16. Qxd6 Rxd6 17. Nb3 h4 18. Rhe1 g5 19. f4 Rdd8 20. f5 Rhe8 21.
g4 hxg3 22. Nxg3 Rh8 23. Be2 Nc8 24. Bg4 Nd6 1/2-1/2

[Event "Benidorm 2013 - Torneo sub2000"]
[Site "Benidorm ESP"]
[Date "2013.12.06"]
[Round "9.22"]
[White "Galle, Andre"]
[Black "Perez Garcia, Jose Miguel"]
[Result "1/2-1/2"]
[WhiteElo "1972"]
[BlackElo "1914"]
[PlyCount "49"]
[EventDate "2013.11.29"]
[EventRounds "10"]
[EventCountry "ESP"]
[Source "lmi"]
[SourceDate "2013.11.29"]

1. d4 Nf6 2. c4 c5 3. d5 b5 4. cxb5 a6 5. bxa6 g6 6. Nc3 Bxa6 7. g3 d6 8. Bg2
Bg7 9. Nf3 Nbd7 10. O-O O-O 11. Rb1 Ng4 12. Qc2 Qa5 13. Bd2 Rfb8 14. b3 Qa3 15.
h3 Nge5 16. Nxe5 Nxe5 17. Qc1 Bc8 18. f4 Nd7 19. Qc2 Nf8 20. Kh2 Bd7 21. e4 Ra7
22. Bc1 Qa5 23. Bd2 Qa3 24. Bc1 Qa5 25. Bd2 1/2-1/2

[Event "Benidorm 2013 - Torneo sub2000"]
[Site "Benidorm ESP"]
[Date "2013.12.06"]
[Round "9.24"]
[White "Perez Pardo, Sergio Ivan"]
[Black "Poggiolini, Alessandro"]
[Result "1-0"]
[WhiteElo "1902"]
[BlackElo "1971"]
[PlyCount "47"]
[EventDate "2013.11.29"]
[EventRounds "10"]
[EventCountry "ESP"]
[Source "lmi"]
[SourceDate "2013.11.29"]

1. e4 c5 2. Nf3 Nc6 3. d4 cxd4 4. Nxd4 Qb6 5. Nxc6 bxc6 6. Bd3 g6 7. O-O Bg7 8.
Nc3 Nf6 9. Kh1 O-O 10. h3 d6 11. Qe1 Nd7 12. f4 Nc5 13. Rf3 f5 14. e5 d5 15.
Be3 Nxd3 16. cxd3 d4 17. Bg1 Qb4 18. a3 Qxb2 19. Bxd4 Rd8 20. Bc5 e6 21. Rb1
Qc2 22. Rf2 Qxd3 23. Rd1 Qxc3 24. Rxd8+ 1-0

[Event "Benidorm 2013 - Torneo sub2000"]
[Site "Benidorm ESP"]
[Date "2013.12.06"]
[Round "9.36"]
[White "Kopischke, Maik"]
[Black "Lopez Heras, Arturo"]
[Result "0-1"]
[WhiteElo "1853"]
[BlackElo "1966"]
[PlyCount "50"]
[EventDate "2013.11.29"]
[EventRounds "10"]
[EventCountry "ESP"]
[Source "lmi"]
[SourceDate "2013.11.29"]

1. d4 Nf6 2. Nf3 g6 3. Bg5 Ne4 4. Bf4 d6 5. Nbd2 Bf5 6. Nh4 Nxd2 7. Qxd2 Be4 8.
Nf3 Nc6 9. Ng5 Bf5 10. e4 Bd7 11. Bc4 e6 12. O-O Bg7 13. c3 O-O 14. Rfe1 e5 15.
Be3 h6 16. Nf3 Bg4 17. Bxh6 Bxf3 18. gxf3 exd4 19. Bxg7 Kxg7 20. cxd4 Qf6 21.
e5 dxe5 22. dxe5 Nxe5 23. Be2 Rh8 24. Qd5 Qg5+ 25. Kh1 Rxh2+ 0-1

[Event "Benidorm 2013 - Torneo sub2000"]
[Site "Benidorm ESP"]
[Date "2013.12.06"]
[Round "9.41"]
[White "Martinez Perez, Pablo"]
[Black "Perez Guerra, Alberto"]
[Result "0-1"]
[WhiteElo "1667"]
[BlackElo "1921"]
[PlyCount "32"]
[EventDate "2013.11.29"]
[EventRounds "10"]
[EventCountry "ESP"]
[Source "lmi"]
[SourceDate "2013.11.29"]

1. f4 d5 2. b3 Nf6 3. Bb2 g6 4. Nf3 Bg7 5. e3 O-O 6. Be2 Bg4 7. h3 Bxf3 8. Bxf3
c6 9. O-O Nbd7 10. d3 Re8 11. e4 Qb6+ 12. Kh1 Nxe4 13. Bxg7 Ng3+ 14. Kh2 Nxf1+
15. Qxf1 Kxg7 16. Nd2 Qe3 0-1

[Event "Benidorm 2013 - Torneo sub2000"]
[Site "Benidorm ESP"]
[Date "2013.12.06"]
[Round "9.49"]
[White "Losa Ordonez, Juan Jose"]
[Black "Roca Cruz, Rafael"]
[Result "0-1"]
[WhiteElo "1561"]
[BlackElo "1988"]
[PlyCount "46"]
[EventDate "2013.11.29"]
[EventRounds "10"]
[EventCountry "ESP"]
[Source "lmi"]
[SourceDate "2013.11.29"]

1. e4 c6 2. d4 d6 3. Nc3 Qc7 4. Bc4 e5 5. d5 Be7 6. Nge2 Nf6 7. O-O b5 8. Bb3
b4 9. Na4 Nxe4 10. c3 a5 11. dxc6 O-O 12. Be3 Nc5 13. Bd5 Nxc6 14. cxb4 axb4
15. Rc1 Rxa4 16. Bxc5 Ra5 17. Be3 Bd7 18. Qc2 Rxd5 19. Qe4 Rb5 20. Rc2 Qb7 21.
Rfc1 Nd4 22. Qxb7 Nxe2+ 23. Rxe2 Rxb7 0-1

[Event "Benidorm 2013 - Torneo sub2000"]
[Site "Benidorm ESP"]
[Date "2013.12.06"]
[Round "9.55"]
[White "Larranaga Aldalur, Jose Joaqui"]
[Black "Saifi, Mourad"]
[Result "1/2-1/2"]
[WhiteElo "1902"]
[BlackElo "1774"]
[PlyCount "52"]
[EventDate "2013.11.29"]
[EventRounds "10"]
[EventCountry "ESP"]
[Source "lmi"]
[SourceDate "2013.11.29"]

1. e4 c5 2. d4 cxd4 3. c3 Nc6 4. Nf3 d5 5. exd5 Qxd5 6. cxd4 Bg4 7. Be2 e6 8.
Nc3 Bb4 9. O-O Bxc3 10. bxc3 Nf6 11. h3 Bf5 12. Be3 O-O 13. Nh4 Rfd8 14. Nxf5
Qxf5 15. Rb1 b6 16. Bd3 Qh5 17. Qd2 h6 18. Rb5 Rd5 19. a4 Rad8 20. Be2 Qh4 21.
Bf3 R5d6 22. Bf4 e5 23. Bg3 Ne4 24. Qe1 Nxg3 25. fxg3 Qe7 26. dxe5 Re6 1/2-1/2

[Event "Benidorm 2013 - Torneo sub2000"]
[Site "Benidorm ESP"]
[Date "2013.12.06"]
[Round "9.59"]
[White "Gomez Lopez, Pedro"]
[Black "Buiza Prieto, Eihartze"]
[Result "1/2-1/2"]
[WhiteElo "1885"]
[BlackElo "1760"]
[PlyCount "57"]
[EventDate "2013.11.29"]
[EventRounds "10"]
[EventCountry "ESP"]
[Source "lmi"]
[SourceDate "2013.11.29"]

1. e4 c5 2. c3 Nf6 3. e5 Nd5 4. d4 cxd4 5. Nf3 Nc6 6. cxd4 d6 7. Bc4 e6 8. O-O
Nb6 9. Bb3 dxe5 10. dxe5 Qxd1 11. Rxd1 Nd7 12. Ba4 Be7 13. Nc3 O-O 14. Bf4 Nb6
15. Bxc6 bxc6 16. Nd4 Bb7 17. Rac1 Rac8 18. Nce2 Nd5 19. Bg3 Ba6 20. Nc3 Nb4
21. Ne4 c5 22. Nb3 Nd3 23. Rc2 Rfd8 24. Nd6 Bxd6 25. exd6 e5 26. Nc1 Rxd6 27.
Bxe5 Rd5 28. Bc3 Rcd8 29. Nxd3 1/2-1/2

[Event "Benidorm 2013 - Torneo sub2000"]
[Site "Benidorm ESP"]
[Date "2013.12.06"]
[Round "9.62"]
[White "Gillespie, Gary"]
[Black "Morant Gomar, Sergio"]
[Result "1-0"]
[WhiteElo "1877"]
[BlackElo "1735"]
[PlyCount "38"]
[EventDate "2013.11.29"]
[EventRounds "10"]
[EventCountry "ESP"]
[Source "lmi"]
[SourceDate "2013.11.29"]

1. e4 c5 2. c3 d5 3. exd5 Qxd5 4. d4 Nf6 5. Nf3 Nc6 6. Na3 a6 7. Bc4 Qe4+ 8.
Be3 e6 9. O-O cxd4 10. Nxd4 Bxa3 11. bxa3 O-O 12. Bd3 Qd5 13. Qb3 b5 14. Qxd5
Nxd5 15. Nxc6 Nxc3 16. Ne7+ Kh8 17. Rfc1 Na4 18. Be4 Bd7 19. Bxa8 Rxa8 1-0

[Event "Benidorm 2013 - Torneo sub2000"]
[Site "Benidorm ESP"]
[Date "2013.12.06"]
[Round "9.74"]
[White "Miranda Gonzalez, Jose Luis"]
[Black "Perez Gisbert, Santiago"]
[Result "0-1"]
[WhiteElo "1951"]
[BlackElo "1762"]
[PlyCount "66"]
[EventDate "2013.11.29"]
[EventRounds "10"]
[EventCountry "ESP"]
[Source "lmi"]
[SourceDate "2013.11.29"]

1. e4 e6 2. d4 d5 3. e5 c5 4. c3 Nc6 5. Nf3 f6 6. Be2 fxe5 7. Nxe5 Nxe5 8. dxe5
g6 9. O-O Bg7 10. Bf4 Ne7 11. Qd2 O-O 12. Re1 Qc7 13. Bf3 Bd7 14. Bh6 Rf5 15.
Bxg7 Kxg7 16. c4 Rxe5 17. Nc3 d4 18. Ne4 h6 19. Re2 Rf8 20. Rae1 b6 21. Bg4 Nf5
22. Qd3 Bc6 23. Bf3 Nh4 24. Bg4 Nf5 25. Bxf5 exf5 26. Ng3 Rfe8 27. f3 Kf6 28.
Kf2 Rxe2+ 29. Rxe2 Rxe2+ 30. Qxe2 Qe5 31. Qd3 f4 32. Nf1 Bd7 33. Nd2 Qe3+ 0-1

[Event "Benidorm 2013 - Torneo sub2000"]
[Site "Benidorm ESP"]
[Date "2013.12.06"]
[Round "9.77"]
[White "Altin, Halis"]
[Black "Muro Turon, Raul"]
[Result "1/2-1/2"]
[WhiteElo "1782"]
[BlackElo "1905"]
[PlyCount "40"]
[EventDate "2013.11.29"]
[EventRounds "10"]
[EventCountry "ESP"]
[Source "lmi"]
[SourceDate "2013.11.29"]

1. e4 e5 2. Nf3 Nc6 3. Bc4 Nf6 4. Nc3 Nxe4 5. Nxe4 d5 6. Bxd5 Qxd5 7. Nc3 Qd8
8. h3 Be7 9. d3 O-O 10. O-O f5 11. Re1 Bf6 12. Bd2 Bd7 13. Nd5 h6 14. Bc3 Re8
15. Nxf6+ Qxf6 16. Qe2 Nd4 17. Bxd4 exd4 18. Qd2 Bc6 19. Qf4 Bxf3 20. Qxf3 c6
1/2-1/2

[Event "Benidorm 2013 - Torneo sub2000"]
[Site "Benidorm ESP"]
[Date "2013.12.06"]
[Round "9.80"]
[White "Urios Hernandez, Ramon"]
[Black "Ventura Rius, Andreu"]
[Result "0-1"]
[WhiteElo "1896"]
[BlackElo "1760"]
[PlyCount "30"]
[EventDate "2013.11.29"]
[EventRounds "10"]
[EventCountry "ESP"]
[Source "lmi"]
[SourceDate "2013.11.29"]

1. e4 d5 2. exd5 Qxd5 3. Nf3 Bg4 4. Be2 Nc6 5. O-O Nf6 6. c4 Qh5 7. d4 O-O-O 8.
Qb3 Nxd4 9. Nxd4 Rxd4 10. f3 Bd7 11. g3 e5 12. Be3 Bc5 13. Bf2 Qh3 14. Qc3 Bc6
15. b4 Ng4 0-1

[Event "Benidorm 2013 - Torneo sub2000"]
[Site "Benidorm ESP"]
[Date "2013.12.06"]
[Round "9.85"]
[White "Vicente Montes, Luis Miguel"]
[Black "Medina Sanchez, Gines"]
[Result "1-0"]
[WhiteElo "1863"]
[BlackElo "1742"]
[PlyCount "63"]
[EventDate "2013.11.29"]
[EventRounds "10"]
[EventCountry "ESP"]
[Source "lmi"]
[SourceDate "2013.11.29"]

1. d4 d5 2. e3 Nf6 3. Bd3 g6 4. f4 Bg4 5. Nf3 Nc6 6. c3 Ne4 7. O-O Bg7 8. Nbd2
Bf5 9. Qe2 O-O 10. Nh4 Qd7 11. Nxf5 gxf5 12. Rf3 a6 13. Bxe4 dxe4 14. Rh3 Qe6
15. b3 b5 16. Bb2 Qg6 17. Rg3 Qd6 18. d5 Na5 19. c4 f6 20. Qh5 Qd7 21. Rh3 h6
22. Qg6 Kh8 23. Rg3 Rg8 24. Rh3 Rgf8 25. Nf1 e6 26. dxe6 Qxe6 27. Ng3 Rf7 28.
Nxf5 Kg8 29. Nxh6+ Kf8 30. Nxf7 Qxf7 31. Ba3+ Ke8 32. Qxe4+ 1-0

[Event "Benidorm 2013 - Torneo sub2000"]
[Site "Benidorm ESP"]
[Date "2013.12.07"]
[Round "10.1"]
[White "Gomez Dieguez, Adrian"]
[Black "Rizza, Francesco"]
[Result "1-0"]
[WhiteElo "1999"]
[BlackElo "1998"]
[PlyCount "105"]
[EventDate "2013.11.29"]
[EventRounds "10"]
[EventCountry "ESP"]
[Source "lmi"]
[SourceDate "2013.11.29"]

1. b3 Nf6 2. Bb2 g6 3. e4 Bg7 4. e5 Nd5 5. c4 Nb6 6. c5 Nd5 7. Bc4 e6 8. Qf3
Ne7 9. d4 d6 10. Nd2 d5 11. Bd3 b6 12. Rc1 Ba6 13. h4 Bxd3 14. Qxd3 Nd7 15. b4
c6 16. h5 b5 17. Nb3 Qc7 18. Rc2 O-O-O 19. Nf3 gxh5 20. Ng5 Rdf8 21. Nxh7 Rfg8
22. Ng5 Rf8 23. Bc1 Nf5 24. f4 Qd8 25. a4 a6 26. axb5 axb5 27. Ra2 Qc7 28. Rh3
Kd8 29. g3 Ke7 30. Rah2 Qa7 31. Na5 Qa8 32. Bb2 f6 33. Nf3 Rh6 34. Nh4 fxe5 35.
fxe5 Kd8 36. Bc1 Rh7 37. Nxf5 Rxf5 38. g4 Nxe5 39. dxe5 Rxe5+ 40. Re3 Rh8 41.
Rxe5 Bxe5 42. Rxh5 Qc8 43. Rxh8+ Bxh8 44. Qh7 Bf6 45. Qg8+ Kd7 46. Qxc8+ Kxc8
47. Nxc6 Kd7 48. Na7 e5 49. g5 Be7 50. Nxb5 Kc6 51. g6 Bf8 52. Nd6 d4 53. Nf5
1-0

[Event "Benidorm 2013 - Torneo sub2000"]
[Site "Benidorm ESP"]
[Date "2013.12.07"]
[Round "10.2"]
[White "Hall, Rachid"]
[Black "Lopez Rivera, Jesus"]
[Result "0-1"]
[WhiteElo "1973"]
[BlackElo "1949"]
[PlyCount "96"]
[EventDate "2013.11.29"]
[EventRounds "10"]
[EventCountry "ESP"]
[Source "lmi"]
[SourceDate "2013.11.29"]

1. Nf3 d6 2. d4 g6 3. e4 Bg7 4. Bd3 Nf6 5. O-O O-O 6. h3 c5 7. c4 cxd4 8. Nxd4
Nc6 9. Nf3 Nd7 10. Nc3 Nc5 11. Be3 Be6 12. a3 Rc8 13. Bxc5 dxc5 14. Rc1 Qd6 15.
Qe2 Rcd8 16. Rfd1 Qb8 17. Nd5 Bc8 18. Rc2 e6 19. Ne3 b6 20. Rcd2 Bb7 21. Ng4 h5
22. Ne3 Bh6 23. Bb1 Rxd2 24. Rxd2 Rd8 25. Rd1 Kg7 26. g3 Bxe3 27. Rxd8 Qxg3+
28. Kf1 Qxh3+ 29. Ke1 Qh1+ 30. Qf1 Bxf2+ 31. Kxf2 Qxf1+ 32. Kxf1 Nxd8 33. Nd2
e5 34. Kf2 Ne6 35. Ke3 Nd4 36. Bd3 f5 37. exf5 gxf5 38. Bf1 Kf6 39. Bh3 Kg5 40.
b3 e4 41. Kf2 f4 42. Nb1 e3+ 43. Kf1 f3 44. Nc3 Kh4 45. Nd5 Bxd5 46. cxd5 Kxh3
47. d6 Kg3 48. d7 f2 0-1

[Event "Benidorm 2013 - Torneo sub2000"]
[Site "Benidorm ESP"]
[Date "2013.12.07"]
[Round "10.3"]
[White "Rincon Carrillo, Ricardo"]
[Black "Paya Prats, Damian"]
[Result "0-1"]
[WhiteElo "1966"]
[BlackElo "1994"]
[PlyCount "174"]
[EventDate "2013.11.29"]
[EventRounds "10"]
[EventCountry "ESP"]
[Source "lmi"]
[SourceDate "2013.11.29"]

1. g3 g6 2. Bg2 Bg7 3. c4 Nf6 4. Nc3 e5 5. Nf3 Nc6 6. d3 d6 7. Bg5 Be6 8. Qc1
Qd7 9. Bh6 Bxh6 10. Qxh6 O-O-O 11. Qg5 Ne8 12. Nd5 f5 13. Qd2 Qg7 14. Ng5 Bg8
15. e4 h6 16. Nf3 fxe4 17. Bh3+ Kb8 18. dxe4 Nf6 19. Qd3 Bh7 20. Nd2 Rhf8 21.
O-O g5 22. Bg2 Rf7 23. b4 Rdf8 24. b5 Nd4 25. a4 g4 26. a5 Nxd5 27. cxd5 Qg6
28. b6 a6 29. bxc7+ Rxc7 30. Rab1 Nb5 31. Rfc1 Qf6 32. Qe3 Rfc8 33. Rc6 Rxc6
34. dxc6 Rxc6 35. Rxb5 axb5 36. Qb3 Rc5 37. Nf1 Bg6 38. Ne3 Bf7 39. Qa3 Qd8 40.
h4 h5 41. a6 bxa6 42. Qxa6 Qc7 43. Bf1 Qc6 44. Qxc6 Rxc6 45. Bxb5 Rc3 46. Kf1
Bg6 47. Ke2 Bxe4 48. Be8 d5 49. Bxh5 Bf3+ 50. Kd2 Ra3 51. Nxg4 Kc7 52. Nf6 Kd6
53. Bg6 Ke6 54. Ne8 d4 55. h5 e4 56. h6 Ra2+ 57. Kc1 d3 58. h7 d2+ 59. Kb1
d1=Q+ 60. Kxa2 Qc2+ 61. Ka3 Qc3+ 62. Ka2 Bd1 63. Nc7+ Kd7 64. Nb5 Qa5+ 65. Na3
Qd2+ 66. Kb1 Qb4+ 67. Kc1 Qxa3+ 68. Kxd1 Qd3+ 69. Ke1 Qd4 70. Kf1 Qd3+ 71. Kg1
Qd4 72. g4 Ke7 73. Bxe4 Kf8 74. Kh2 Qxf2+ 75. Kh3 Kg7 76. Bf5 Kh8 77. Bg6 Qe3+
78. Kg2 Qd2+ 79. Kf3 Qd4 80. Bf5 Kg7 81. Kg3 Kh6 82. Kf3 Kg5 83. Kg3 Qc3+ 84.
Kg2 Kf4 85. Kf2 Qb2+ 86. Kg1 Kg3 87. Bc2 Qc1+ 0-1

[Event "Benidorm 2013 - Torneo sub2000"]
[Site "Benidorm ESP"]
[Date "2013.12.07"]
[Round "10.4"]
[White "Marti Blanes, Jose Manuel"]
[Black "Castrillo Mansego, Pablo"]
[Result "1-0"]
[WhiteElo "1962"]
[BlackElo "1940"]
[PlyCount "83"]
[EventDate "2013.11.29"]
[EventRounds "10"]
[EventCountry "ESP"]
[Source "lmi"]
[SourceDate "2013.11.29"]

1. d4 Nf6 2. c4 e6 3. Nc3 d5 4. cxd5 exd5 5. Bg5 c6 6. e3 Be7 7. Bd3 Nbd7 8.
Qc2 O-O 9. Nge2 Re8 10. h3 Nf8 11. g4 Ne4 12. Bxe7 Qxe7 13. Bxe4 dxe4 14. Ng3
Be6 15. Qxe4 Qb4 16. Qc2 Bd5 17. O-O Rad8 18. Nxd5 Rxd5 19. Qc3 Qd6 20. e4 Rb5
21. Rad1 Ng6 22. Nf5 Qf4 23. e5 Rf8 24. b3 h5 25. gxh5 Qg5+ 26. Qg3 Qxh5 27.
Nd6 Rb4 28. f4 Nh4 29. Qg4 Qh6 30. Qg5 Qh7 31. f5 c5 32. Rf4 Rxd4 33. Rdxd4
Nf3+ 34. Rxf3 cxd4 35. Rg3 d3 36. Rxd3 f6 37. exf6 Rxf6 38. Re3 Rf8 39. Re7 Rd8
40. Re8+ Rxe8 41. Nxe8 Kf8 42. Nd6 1-0

[Event "Benidorm 2013 - Torneo sub2000"]
[Site "Benidorm ESP"]
[Date "2013.12.07"]
[Round "10.5"]
[White "Stoyanov, Svetlomir"]
[Black "Gonzalez Capacete, Jose Miguel"]
[Result "0-1"]
[WhiteElo "1962"]
[BlackElo "1922"]
[PlyCount "62"]
[EventDate "2013.11.29"]
[EventRounds "10"]
[EventCountry "ESP"]
[Source "lmi"]
[SourceDate "2013.11.29"]

1. d4 g6 2. Nf3 Bg7 3. Bf4 d6 4. e3 Nd7 5. h3 e5 6. Bh2 exd4 7. exd4 Ngf6 8.
Bc4 O-O 9. O-O a6 10. a4 b6 11. c3 Bb7 12. Nbd2 Ne4 13. Qb3 Nxd2 14. Nxd2 Qg5
15. d5 Qxd2 16. Rad1 Qg5 17. f4 Qh4 18. Qc2 Rae8 19. Be2 Bc8 20. Bg4 Nc5 21.
Bxc8 Rxc8 22. f5 Rce8 23. b4 Nd7 24. Qd2 Qc4 25. Rf4 Re4 26. Rdf1 Rxf4 27. Rxf4
Qb3 28. Rh4 Qb1+ 29. Kf2 Qxf5+ 30. Rf4 Bh6 31. g4 Bxf4 0-1

[Event "Benidorm 2013 - Torneo sub2000"]
[Site "Benidorm ESP"]
[Date "2013.12.07"]
[Round "10.6"]
[White "Elmas, Mustafa"]
[Black "Aliyev, Ravan Azar"]
[Result "0-1"]
[WhiteElo "1949"]
[BlackElo "1956"]
[PlyCount "66"]
[EventDate "2013.11.29"]
[EventRounds "10"]
[EventCountry "ESP"]
[Source "lmi"]
[SourceDate "2013.11.29"]

1. e4 d6 2. d4 g6 3. Nc3 Bg7 4. Nf3 Nf6 5. Bc4 O-O 6. O-O Bg4 7. h3 Bxf3 8.
Qxf3 Nbd7 9. Re1 e5 10. d5 Ne8 11. Qg3 h6 12. Be3 Kh7 13. Bd3 f5 14. f4 exf4
15. Bxf4 g5 16. exf5 gxf4 17. f6+ Kg8 18. Bh7+ Kxh7 19. Qd3+ Kg8 20. fxg7 Nxg7
21. Rf1 Ne5 22. Qe2 Qg5 23. Kh1 Nf5 24. Ne4 Ng3+ 25. Nxg3 fxg3 26. Qb5 Rxf1+
27. Rxf1 Rf8 28. Rg1 Ng4 29. Re1 Nf2+ 30. Kg1 Qf4 31. Qe2 Nxh3+ 32. gxh3 Qf2+
33. Kh1 g2+ 0-1

[Event "Benidorm 2013 - Torneo sub2000"]
[Site "Benidorm ESP"]
[Date "2013.12.07"]
[Round "10.7"]
[White "Cebrian Flores, Juan Antonio"]
[Black "Thomson, Neil"]
[Result "0-1"]
[WhiteElo "1955"]
[BlackElo "1900"]
[PlyCount "126"]
[EventDate "2013.11.29"]
[EventRounds "10"]
[EventCountry "ESP"]
[Source "lmi"]
[SourceDate "2013.11.29"]

1. e4 g6 2. d4 Bg7 3. Bc4 d6 4. Nf3 Nf6 5. Qe2 Bg4 6. e5 dxe5 7. Bxf7+ Kxf7 8.
Nxe5+ Kf8 9. Nxg4 Qxd4 10. Nxf6 exf6 11. Be3 Qe5 12. Nc3 Nd7 13. Rd1 Nb6 14.
O-O Re8 15. Qf3 c6 16. Bf4 Qe6 17. Rd6 Qf7 18. b3 h6 19. a4 Kg8 20. Rfd1 Nc8
21. R6d2 Kh7 22. h4 Re7 23. a5 a6 24. Be3 Rhe8 25. Ne2 f5 26. Nf4 Bc3 27. Rd3
Bxa5 28. h5 gxh5 29. Nxh5 Qg6 30. Ng3 Rf7 31. Nh5 Qg4 32. Qxg4 fxg4 33. Rd4 Bb6
34. Rd7 Kg6 35. Nf4+ Kf6 36. Nh5+ Kg6 37. Nf4+ Kg7 38. Nh5+ Kg8 39. Bxh6 Bxf2+
40. Kh2 Ne7 41. Rd8 Rxd8 42. Rxd8+ Kh7 43. Bf8 Kg6 44. Nf4+ Kf5 45. g3 Ng6 46.
Nxg6 Kxg6 47. Bd6 Be3 48. Rg8+ Kf5 49. Re8 Bd4 50. Bf4 Rf6 51. Kg2 Re6 52. Rf8+
Kg6 53. Rg8+ Kf7 54. Rxg4 Re2+ 55. Kf3 Rxc2 56. Ke4 Bf6 57. Kf5 Rc5+ 58. Ke4
Rb5 59. Kd3 Rxb3+ 60. Kc4 Rc3+ 61. Kb4 c5+ 62. Ka5 Bd8+ 63. Ka4 b5# 0-1

[Event "Benidorm 2013 - Torneo sub2000"]
[Site "Benidorm ESP"]
[Date "2013.12.07"]
[Round "10.8"]
[White "Esquerdo Nogueroles, Gaspar"]
[Black "Botelho, Luis Miguel Rodrigu"]
[Result "1/2-1/2"]
[WhiteElo "1938"]
[BlackElo "1996"]
[PlyCount "161"]
[EventDate "2013.11.29"]
[EventRounds "10"]
[EventCountry "ESP"]
[Source "lmi"]
[SourceDate "2013.11.29"]

1. Nf3 g6 2. g3 Bg7 3. d4 Nf6 4. Bg2 O-O 5. O-O d6 6. Re1 c6 7. e4 Qa5 8. e5
dxe5 9. Nxe5 Rd8 10. c3 Be6 11. Qe2 Nbd7 12. b4 Qb6 13. Be3 Nd5 14. Bg5 Nxe5
15. dxe5 h6 16. Bd2 a5 17. a4 axb4 18. Bxd5 Rxd5 19. Be3 Qa6 20. Qxa6 Rxa6 21.
cxb4 Bxe5 22. Nd2 Bxa1 23. Rxa1 Kh7 24. Ne4 Bh3 25. Nc5 Ra8 26. f3 f5 27. Kf2
e5 28. Ke2 g5 29. Nd3 f4 30. Bb6 Bf5 31. Nc5 Re8 32. a5 e4 33. Ra2 exf3+ 34.
Kxf3 Re3+ 35. Kf2 Re7 36. gxf4 gxf4 37. Kf3 Be6 38. Kf2 Rh5 39. Ra3 Rxh2+ 40.
Kg1 Rb2 41. Nd3 Rg7+ 42. Kf1 Bh3+ 43. Ke1 Rg1+ 44. Bxg1 Rb1+ 45. Ke2 Rxg1 46.
Nxf4 Bg4+ 47. Kf2 Rb1 48. Kg3 h5 49. a6 bxa6 50. Rxa6 Rb3+ 51. Kh4 Bf3 52. Kg5
Rxb4 53. Ra7+ Kg8 54. Rc7 h4 55. Ng6 c5 56. Kf6 Rb6+ 57. Kg5 h3 58. Rc8+ Kg7
59. Rc7+ Kg8 60. Rc8+ Kg7 61. Rc7+ Kg8 62. Rc8+ Kh7 63. Rc7+ Kg8 64. Rc8+ Kh7
65. Rc7+ Kg8 66. Rc8+ Kf7 67. Ne5+ Ke6 68. Nxf3 Kd5 69. Kf4 Rf6+ 70. Ke3 Rh6
71. Rd8+ Kc4 72. Ne5+ Kb3 73. Rd3+ Kb4 74. Rd1 h2 75. Rh1 Kb3 76. Kd2 Rh3 77.
Rb1+ Ka2 78. Rh1 Rb3 79. Nc4 Rh3 80. Kc2 Rc3+ 81. Kxc3 1/2-1/2

[Event "Benidorm 2013 - Torneo sub2000"]
[Site "Benidorm ESP"]
[Date "2013.12.07"]
[Round "10.10"]
[White "Tonus, Alex"]
[Black "Suarez Cerezo, Ismael"]
[Result "1-0"]
[WhiteElo "1949"]
[BlackElo "1985"]
[PlyCount "49"]
[EventDate "2013.11.29"]
[EventRounds "10"]
[EventCountry "ESP"]
[Source "lmi"]
[SourceDate "2013.11.29"]

1. e4 c5 2. Nf3 d6 3. d4 cxd4 4. Nxd4 Nf6 5. Nc3 e6 6. Bc4 Be7 7. Be3 O-O 8.
Qe2 a6 9. O-O-O Qc7 10. Bb3 Nc6 11. Rhg1 Na5 12. g4 Nxb3+ 13. axb3 d5 14. exd5
Nxd5 15. Nxd5 exd5 16. Nf5 Bxf5 17. gxf5 Bf6 18. Rxd5 Qxh2 19. Qg4 Rad8 20.
Rgd1 Rxd5 21. Rxd5 Rd8 22. Rxd8+ Bxd8 23. Qe4 Qg1+ 24. Kd2 Ba5+ 25. b4 1-0

[Event "Benidorm 2013 - Torneo sub2000"]
[Site "Benidorm ESP"]
[Date "2013.12.07"]
[Round "10.11"]
[White "Blesa Fernandez, Francisco"]
[Black "Izagirre Alsua, Aritz"]
[Result "0-1"]
[WhiteElo "1978"]
[BlackElo "1947"]
[PlyCount "54"]
[EventDate "2013.11.29"]
[EventRounds "10"]
[EventCountry "ESP"]
[Source "lmi"]
[SourceDate "2013.11.29"]

1. d4 d5 2. c4 c6 3. Nf3 Nf6 4. Nc3 a6 5. e3 e6 6. Bd3 c5 7. O-O Nc6 8. b3 cxd4
9. exd4 dxc4 10. Bxc4 b5 11. Bd3 Be7 12. Re1 O-O 13. Bb2 Nb4 14. Bb1 Bb7 15.
Ne5 Rc8 16. Re3 Nbd5 17. Rh3 Nf4 18. Rg3 N6h5 19. Re3 Bxg2 20. Ne2 f5 21. Nxf4
Nxf4 22. Nd3 Nxd3 23. Bxd3 Bd5 24. a4 Bd6 25. Kf1 Qg5 26. Rg3 Bxg3 27. hxg3 Qh6
0-1